000
00322nam a22001457a 4500
003
SGT
020
_a
978-8120344457
082
_a
332
_b
GOE
100
_a
Goel, Sandeep
245
_a
Financial Services
260
_a
NEW DELHI
_b
PHI Learning
_c
2012
300
_a
202
650
_a
COMMERCE MANAGEMENT
942
_2
ddc
_c
BK
_0
1
999
_c
13846
_d
13846